| 000 | 00772cam a2200277 4500 | ||
|---|---|---|---|
| 002 | 1194 | ||
| 008 | 090401t1995 xxu||||| |||| 00| 0 eng d | ||
| 020 | _a0419195408 | ||
| 035 | _a(Sirsi) u13581 | ||
| 041 | _aeng | ||
| 050 | _a658.99 | ||
| 245 | _aManagement and business skills in the built environment | ||
| 260 |
_aLondon _bE & F N Spon _c1995 |
||
| 300 | _axi, 201p. ; 25cm. | ||
| 350 | _a14.99 | ||
| 490 | _aSpon Built Environment Series | ||
| 650 | _aBUSINESS SKILLS | ||
| 650 |
_aCONSTRUCTION MANAGEMENT _96230 |
||
| 650 | _aDECISION MAKING | ||
| 650 | _aTEAMWORK | ||
| 650 | _aWRITING | ||
| 690 | _aMANAGEMENT-BUSINESS MANAGEMENT-PROFESSIONAL PRACTICE | ||
| 700 |
_aMike Waterhouse & Geoff Crook, _xEditor |
||
| 942 | _n0 | ||
| 948 | _c04/03/1997 | ||
| 999 |
_c87114 _d87114 |
||